=LDR 00000nam 2200000 4500 =001 NUTBA000000000003191 =005 20140806131712.0 =006 =007 =008 =020 ##$$a 979-15065-9-0 =035 ##$$a 0010-081400000000035 =082 ##$$a 305.4 =100 ##$$aNASRULLAH DJSAM =245 ##$$a CWEWK HARUS TAJU1 =260 ##$$a JAKARTA $b ARABIC SCIENTITIFIC PUB. $c 2006 =990 ##$$a 0001/BPAP-NTB/20142014